[Event "Hanoi GM 06"]
[Site "Hanoi"]
[Date "2025.06.18"]
[Round "6"]
[White "Avinash, Ramesh"]
[Black "Tran, Tuan Minh"]
[Result "1-0"]
[WhiteElo "2304"]
[BlackElo "2415"]
[PlyCount "82"]
[EventDate "2025.06.15"]
[EventType "tourn"]
[EventRounds "9"]
[EventCountry "VIE"]
[EventCategory "6"]
[SourceTitle "CB26_2025"]
[SourceDate "2025.06.25"]
[SourceVersion "1"]
[SourceVersionDate "2025.06.25"]
[SourceQuality "1"]

1. e4 c5 2. Nf3 d6 3. d4 cxd4 4. Nxd4 Nf6 5. Nc3 a6 6. Bc4 e6 7. Be3 Be7 8. Bb3 0-0 9. g4 d5 10. exd5 exd5 11. h3 Nc6 12. g5 Ne4 13. Nxc6 bxc6 14. Nxe4 dxe4 15. Qxd8 Rxd8 16. Kf1 a5 17. Bc4 a4 18. Kg2 Bf5 19. Rhd1 Bg6 20. Rxd8+ Rxd8 21. b3 a3 22. Be2 f5 23. gxf6 gxf6 24. Rd1 Rxd1 25. Bxd1 Kf7 26. c3 Bf5 27. Bg4 Bxg4 28. hxg4 f5 29. gxf5 Kf6 30. Bc1 Kxf5 31. b4 Bf6 32. c4 Bb2 33. Be3 Ke5 34. Kg3 Bc3 35. b5 cxb5 36. cxb5 Kd5 37. Kg4 Be5 38. Kf5 Bd6 39. b6 Bb8 40. Kg5 Kc4 41. Bf4 Kd5 1-0

[Event "Hanoi GM 06"]
[Site "Hanoi"]
[Date "2025.06.17"]
[Round "5"]
[White "Laohawirapap, Prin"]
[Black "Avinash, Ramesh"]
[Result "1-0"]
[WhiteElo "2370"]
[BlackElo "2304"]
[PlyCount "78"]
[EventDate "2025.06.15"]
[EventType "tourn"]
[EventRounds "9"]
[EventCountry "VIE"]
[EventCategory "6"]
[SourceTitle "CB26_2025"]
[SourceDate "2025.06.25"]
[SourceVersion "1"]
[SourceVersionDate "2025.06.25"]
[SourceQuality "1"]

1. e4 c5 2. Nf3 d6 3. d4 cxd4 4. Nxd4 Nf6 5. Nc3 Nc6 6. Bg5 e6 7. Qd2 a6 8. Nxc6 bxc6 9. 0-0-0 Be7 10. Bxf6 gxf6 11. Bc4 0-0 12. Rhe1 Kh8 13. f4 Rb8 14. f5 Rg8 15. Qe2 Bd7 16. Bb3 a5 17. Rd3 c5 18. Rg3 Rxg3 19. hxg3 Qg8 20. g4 Qe8 21. a4 Bf8 22. Rh1 Bg7 23. Qa6 Qf8 24. Kb1 Ra8 25. Qd3 Rd8 26. g5 c4 27. Bxc4 d5 28. fxe6 dxc4 29. Qh3 Qg8 30. exd7 fxg5 31. Nd5 h6 32. Nf6 Qf8 33. Qf5 Bxf6 34. Qxf6+ Kh7 35. Rxh6+ Qxh6 36. Qxd8 Qd6 37. Qe8 Qd1+ 38. Ka2 Qxc2 39. d8Q Qb3+ 1-0

[Event "Bhubaneswar Odisha op"]
[Site "Bhubaneswar"]
[Date "2024.12.22"]
[Round "10"]
[White "Savchenko, Boris"]
[Black "Avinash, Ramesh"]
[Result "1-0"]
[WhiteElo "2473"]
[BlackElo "2333"]
[PlyCount "73"]
[EventDate "2024.12.15"]
[EventType "swiss"]
[EventRounds "10"]
[EventCountry "IND"]
[SourceTitle "CB52_2024"]
[SourceDate "2024.12.25"]
[SourceVersion "1"]
[SourceVersionDate "2024.12.25"]
[SourceQuality "1"]

1. e4 c5 2. Nf3 d6 3. d4 cxd4 4. Nxd4 Nf6 5. Nc3 Nc6 6. Bg5 e6 7. Qd2 a6 8. 0-0-0 Bd7 9. f3 Nxd4 10. Qxd4 Be7 11. h4 h6 12. Be3 h5 13. Kb1 b5 14. a3 Qc7 15. Qd2 Qb7 16. Bf4 e5 17. Bg5 Be6 18. Bxf6 gxf6 19. f4 b4 20. axb4 Qxb4 21. f5 Rb8 22. b3 Bxb3 23. cxb3 Qxb3+ 24. Ka1 d5 25. Rb1 Qa3+ 26. Na2 0-0 27. Rh3 Qa4 28. Rg3+ Kh7 29. Rxb8 Rxb8 30. Qxd5 Kh6 31. Qd2+ Kh7 32. Qe2 Kh6 33. Qe3+ Kh7 34. Qf3 Kh6 35. Be2 Qd4+ 36. Nc3 Qg1+ 37. Bd1 1-0

[Event "Abu Dhabi op-A 30th"]
[Site "Abu Dhabi"]
[Date "2024.08.24"]
[Round "9"]
[White "Aswath, S."]
[Black "Avinash, Ramesh"]
[Result "1-0"]
[WhiteElo "2470"]
[BlackElo "2305"]
[PlyCount "105"]
[EventDate "2024.08.15"]
[EventType "swiss"]
[EventRounds "9"]
[EventCountry "UAE"]
[SourceTitle "EXT 2025"]
[Source "ChessBase"]
[SourceDate "2024.10.14"]
[SourceVersion "1"]
[SourceVersionDate "2024.10.14"]
[SourceQuality "1"]

1. d4 Nf6 2. c4 g6 3. g3 Bg7 4. Bg2 0-0 5. Nc3 Nc6 6. e3 d6 7. Nge2 e5 8. d5 Ne7 9. 0-0 Nd7 10. e4 f5 11. Qc2 Nf6 12. Bg5 h6 13. Bxf6 Bxf6 14. f4 Kg7 15. Kh1 Bd7 16. Rae1 a6 17. b4 Rf7 18. fxe5 Bxe5 19. Nf4 Kh7 20. Nd3 Bg7 21. e5 dxe5 22. Nxe5 Bxe5 23. Rxe5 Ng8 24. c5 Qf6 25. Rfe1 Raf8 26. Qd2 Rd8 27. Qf4 g5 28. Qc4 f4 29. gxf4 gxf4 30. Bf3 Kh8 31. R5e4 Rdf8 32. Ne2 Bb5 33. Qd4 Bxe2 34. R1xe2 Qxd4 35. Rxd4 Ne7 36. Re6 Kh7 37. Kg1 Ng8 38. Kf2 Kg7 39. d6 cxd6 40. Rdxd6 Nf6 41. Rb6 Rd8 42. Red6 Re8 43. Rxb7 Rxb7 44. Bxb7 Rb8 45. Rxf6 Rxb7 46. Rb6 Ra7 47. a4 Ra8 48. Kf3 a5 49. b5 Rd8 50. Rd6 Re8 51. c6 Re3+ 52. Kxf4 Rc3 53. b6 1-0

[Event "Riga Tech op-A"]
[Site "Riga"]
[Date "2024.08.08"]
[Round "5"]
[White "Kazakouski, Valery"]
[Black "Avinash, Ramesh"]
[Result "1-0"]
[WhiteElo "2588"]
[BlackElo "2305"]
[PlyCount "119"]
[EventDate "2024.08.05"]
[EventType "swiss"]
[EventRounds "9"]
[EventCountry "LAT"]
[SourceTitle "CBM 221 Extra"]
[Source "ChessBase"]
[SourceDate "2024.09.30"]
[SourceVersion "1"]
[SourceVersionDate "2024.09.30"]
[SourceQuality "1"]

1. e4 c5 2. Nf3 d6 3. d4 cxd4 4. Qxd4 Nc6 5. Qe3 g6 6. Be2 Bg7 7. h3 Nf6 8. 0-0 Qb6 9. Qxb6 axb6 10. Nc3 Nb4 11. Bd2 Nxc2 12. Nb5 0-0 13. Rac1 Nxe4 14. Rxc2 Nxd2 15. Rxd2 Rxa2 16. Nc3 Bxc3 17. bxc3 Rxd2 18. Nxd2 Be6 19. Rb1 Rc8 20. c4 d5 21. cxd5 Bxd5 22. Bf3 Bxf3 23. Nxf3 Rc6 24. Ne5 Re6 25. Nc4 h5 26. Nxb6 Kg7 27. Nc4 Rc6 28. Na5 Ra6 29. Nxb7 Rc6 30. Re1 Rc7 31. Na5 e6 32. Nb3 Rc3 33. Nd2 Rc2 34. Nf3 Rc5 35. h4 Rb5 36. Ra1 Rb7 37. Ng5 Rc7 38. g3 Rb7 39. Kg2 Rc7 40. Ra2 Rb7 41. Kf3 Rc7 42. Ke3 Rd7 43. Ne4 Rb7 44. Nd6 Rb6 45. Nc4 Rb7 46. Kd4 Kf6 47. Nd6 Rd7 48. Kc5 Ke5 49. Re2+ Kf6 50. Kc6 Ra7 51. Rb2 Ke5 52. f4+ Kf6 53. Rb5 Re7 54. Ne4+ Kg7 55. Rb7 Re8 56. Ng5 Rc8+ 57. Kd6 Rc3 58. Rxf7+ Kg8 59. Ra7 Rxg3 60. Ra8+ 1-0

[Event "Aix en Provence Dole op 2nd"]
[Site "Aix en Provence"]
[Date "2024.07.20"]
[Round "1"]
[White "Karthikeyan, Murali"]
[Black "Avinash, Ramesh"]
[Result "1-0"]
[WhiteElo "2627"]
[BlackElo "2304"]
[PlyCount "97"]
[EventDate "2024.07.20"]
[EventType "swiss"]
[EventRounds "9"]
[EventCountry "FRA"]
[SourceTitle "CBM 221 Extra"]
[Source "ChessBase"]
[SourceDate "2024.09.30"]
[SourceVersion "1"]
[SourceVersionDate "2024.09.30"]
[SourceQuality "1"]

1. e4 c5 2. Nf3 d6 3. c3 Nf6 4. Bd3 Bg4 5. h3 Bh5 6. Bc2 Nc6 7. d3 Bxf3 8. Qxf3 g6 9. 0-0 Bg7 10. Be3 0-0 11. Nd2 Rc8 12. Rac1 Nd7 13. Qe2 b5 14. a3 a5 15. a4 bxa4 16. Nc4 Nb6 17. Nxb6 Qxb6 18. Bxa4 Rc7 19. f4 Rb8 20. Rf2 Rcb7 21. Rcf1 Qa6 22. Bc1 e6 23. h4 Ne7 24. g4 f5 25. exf5 exf5 26. g5 d5 27. Re1 Kf7 28. Qf3 Qd6 29. Rfe2 Rc7 30. h5 Rcb7 31. Kf1 Rc7 32. Qh1 Rcb7 33. Qh3 Rc7 34. Qf3 Ra7 35. h6 Bh8 36. Kg2 Rc7 37. Kg1 Ra7 38. Kf1 Rc7 39. c4 d4 40. b3 Ra7 41. Bd2 Qb6 42. Rxe7+ Rxe7 43. Qd5+ Kf8 44. Rxe7 Kxe7 45. Qd7+ Kf8 46. Qxh7 Bf6 47. Qxg6 Ke7 48. Bxa5 Qd6 49. Bc7 1-0

[Event "Piestany Slovakia op-A"]
[Site "Piestany"]
[Date "2024.07.16"]
[Round "8"]
[White "Audi, Ameya"]
[Black "Avinash, Ramesh"]
[Result "1/2-1/2"]
[WhiteElo "2381"]
[BlackElo "2304"]
[PlyCount "93"]
[EventDate "2024.07.09"]
[EventType "swiss"]
[EventRounds "9"]
[EventCountry "SVK"]
[SourceTitle "EXT 2025"]
[Source "ChessBase"]
[SourceDate "2024.10.14"]
[SourceVersion "1"]
[SourceVersionDate "2024.10.14"]
[SourceQuality "1"]

1. c4 c5 2. Nf3 g6 3. d4 cxd4 4. Nxd4 Bg7 5. e4 Nc6 6. Be3 d6 7. Nc3 Nf6 8. Be2 0-0 9. 0-0 Bd7 10. h3 Nxd4 11. Bxd4 Bc6 12. Qc2 Nd7 13. Bxg7 Kxg7 14. b4 b6 15. Rad1 Qc7 16. Rfe1 a6 17. h4 h5 18. Bf1 Nf6 19. Qb2 Rfd8 20. Re3 e5 21. f3 b5 22. cxb5 axb5 23. Qf2 d5 24. exd5 Nxd5 25. Nxd5 Bxd5 26. a3 Bc4 27. Rde1 Bxf1 28. Qxf1 Rd5 29. Qe2 Qb6 30. Kf1 Rd4 31. Rxe5 Rxh4 32. Qe3 Qxe3 33. R1xe3 Rh1+ 34. Kf2 Ra1 35. Rxb5 R1xa3 36. Rxa3 Rxa3 37. Rb7 Rb3 38. Kg3 Rb2 39. Kh3 Kf6 40. Rb8 Kg5 41. b5 Kh6 42. b6 Kg5 43. Kg3 h4+ 44. Kh2 Rb1 45. g3 hxg3+ 46. Kxg3 f6 47. Rb7 1/2-1/2

[Event "Piestany Slovakia op-A"]
[Site "Piestany"]
[Date "2024.07.11"]
[Round "3"]
[White "Avinash, Ramesh"]
[Black "Hrbek, Stepan"]
[Result "1/2-1/2"]
[WhiteElo "2304"]
[BlackElo "2402"]
[PlyCount "160"]
[EventDate "2024.07.09"]
[EventType "swiss"]
[EventRounds "9"]
[EventCountry "SVK"]
[SourceTitle "EXT 2025"]
[Source "ChessBase"]
[SourceDate "2024.10.14"]
[SourceVersion "1"]
[SourceVersionDate "2024.10.14"]
[SourceQuality "1"]

1. e4 e5 2. Nf3 Nc6 3. Bc4 Nf6 4. d3 Bc5 5. c3 d6 6. 0-0 Bb6 7. a4 0-0 8. h3 a5 9. Re1 Ne7 10. Nbd2 Ng6 11. Nf1 c6 12. Bb3 h6 13. Ng3 d5 14. exd5 Nxd5 15. d4 exd4 16. Nxd4 Be6 17. Bc2 Ndf4 18. Nxe6 Qxd1 19. Rxd1 Nxe6 20. Nf5 Rfd8 21. Be3 Bxe3 22. Nxe3 Ne5 23. Kf1 Nf4 24. g3 Nd5 25. Nxd5 cxd5 26. Bb3 Nc4 27. Rab1 Rac8 28. Rd4 Nb6 29. Rbd1 Rc5 30. c4 Nc8 31. Kg2 Kf8 32. Kf3 g6 33. g4 Ke7 34. Re1+ Kf6 35. h4 Nd6 36. cxd5 b5 37. Re2 Rb8 38. Kg3 bxa4 39. Bxa4 Rc4 40. Rxc4 Nxc4 41. b3 Nd6 42. Re3 Rb4 43. f3 Rd4 44. Bc6 g5 45. h5 Rd2 46. Re1 Rb2 47. Ra1 Ke5 48. Rxa5 f5 49. gxf5 Nxf5+ 50. Kh3 Rxb3 51. d6+ Kxd6 52. Rxf5 Kxc6 53. Rf6+ Kd5 54. Kg4 Ke5 55. Rxh6 Rb1 56. Kxg5 Rg1+ 57. Kh4 Rh1+ 58. Kg3 Rg1+ 59. Kf2 Rg5 60. Ra6 Rxh5 61. Ke3 Rh1 62. Ra5+ Kf6 63. Ke4 Rb1 64. Ra6+ Kf7 65. Kf5 Rb5+ 66. Kg4 Rb4+ 67. f4 Rb5 68. Ra7+ Kf6 69. Rh7 Ra5 70. Rb7 Rc5 71. Rb6+ Kf7 72. Kf3 Ra5 73. Rc6 Rb5 74. Kg4 Ra5 75. f5 Ra1 76. Rc3 Kf6 77. Rc5 Rg1+ 78. Kf4 Rf1+ 79. Ke3 Rxf5 80. Rxf5+ Kxf5 1/2-1/2

[Event "Teplice op 17th"]
[Site "Teplice"]
[Date "2024.06.22"]
[Round "8"]
[White "Banh, Gia Huy"]
[Black "Avinash, Ramesh"]
[Result "0-1"]
[WhiteElo "2400"]
[BlackElo "2252"]
[PlyCount "190"]
[EventDate "2024.06.15"]
[EventType "swiss"]
[EventRounds "9"]
[EventCountry "CZE"]
[SourceTitle "CBM 220 Extra"]
[Source "ChessBase"]
[SourceDate "2024.07.31"]
[SourceVersion "1"]
[SourceVersionDate "2024.07.31"]
[SourceQuality "1"]

1. c4 c6 2. Nf3 d5 3. g3 Nf6 4. Bg2 dxc4 5. Qc2 Be6 6. 0-0 Nbd7 7. Ng5 Bg4 8. Qxc4 e6 9. d4 Be7 10. Nc3 0-0 11. h3 Bh5 12. Nf3 Rc8 13. Rd1 b5 14. Qb3 a5 15. Bg5 Bg6 16. a3 h6 17. Bxf6 Bxf6 18. Rac1 a4 19. Qa2 Qb6 20. e4 Rfd8 21. Rc2 e5 22. d5 Nc5 23. Nh2 h5 24. h4 Nb3 25. Qb1 Nd4 26. dxc6 Nxc2 27. Qxc2 Qxc6 28. Rxd8+ Bxd8 29. Bh3 Rb8 30. Nf3 Qc5 31. Bf5 Bxf5 32. exf5 f6 33. Nd2 Bb6 34. Nde4 Qc8 35. Qd1 Qxf5 36. Qd6 Ba7 37. Qc7 Ra8 38. Qb7 Qc8 39. Qd5+ Kh8 40. Nd6 Qf8 41. Ncxb5 Bd4 42. Nxd4 exd4 43. Qxh5+ Kg8 44. Qd5+ Kh7 45. Qh5+ Kg8 46. Qd5+ Kh7 47. Qxd4 Rd8 48. Qe4+ Kh8 49. Nc4 Qc5 50. Kg2 Qb5 51. Ne3 Qxb2 52. Qxa4 Qb7+ 53. Kh2 Ra8 54. Qg4 Qf7 55. Qb4 Qa2 56. Qf4 Qxa3 57. Kg2 Qa4 58. Qf3 Rd8 59. h5 Qa8 60. Nf5 Qxf3+ 61. Kxf3 Ra8 62. g4 Kh7 63. Kg3 Ra3+ 64. f3 Kg8 65. Kf4 Ra4+ 66. Kg3 Kf7 67. Ne3 g6 68. hxg6+ Kxg6 69. Nd5 Kf7 70. Nc3 Rc4 71. Ne4 Ke6 72. Nd2 Rc3 73. Kf4 Ra3 74. Ne4 Ra4 75. Kg3 Ke5 76. Nc3 Rb4 77. Ne4 Rb6 78. Nc5 Kd4 79. Ne4 Ke3 80. Nc3 Rd6 81. Ne4 Rc6 82. Nf2 Rc1 83. Ne4 Rf1 84. Nc3 Rxf3+ 85. Kh4 Kd4 86. Ne2+ Ke5 87. Ng3 Rf2 88. Nh5 Rh2+ 89. Kg3 Rh1 90. Kg2 Ra1 91. Kg3 f5 92. gxf5 Kxf5 93. Ng7+ Kf6 94. Ne8+ Ke7 95. Nc7 Ra5 0-1

[Event "Teplice op 17th"]
[Site "Teplice"]
[Date "2024.06.17"]
[Round "3"]
[White "Avinash, Ramesh"]
[Black "Peyrer, Konstantin"]
[Result "1/2-1/2"]
[WhiteElo "2252"]
[BlackElo "2432"]
[PlyCount "59"]
[EventDate "2024.06.15"]
[EventType "swiss"]
[EventRounds "9"]
[EventCountry "CZE"]
[SourceTitle "CBM 220 Extra"]
[Source "ChessBase"]
[SourceDate "2024.07.31"]
[SourceVersion "1"]
[SourceVersionDate "2024.07.31"]
[SourceQuality "1"]

1. e4 e6 2. d4 d5 3. e5 c5 4. c3 Nc6 5. Nf3 Bd7 6. Be2 Nge7 7. Na3 Ng6 8. h4 cxd4 9. cxd4 Be7 10. h5 Nh4 11. Nxh4 Bxh4 12. h6 g6 13. Nc2 Be7 14. 0-0 0-0 15. Re1 Qb6 16. Rb1 Nb4 17. Nxb4 Bxb4 18. Rf1 Rfc8 19. Be3 Qa5 20. a3 Be7 21. Bd3 Bb5 22. Qe2 Bxd3 23. Qxd3 Rc4 24. g3 Rac8 25. Kg2 Kf8 26. Rfc1 Ke8 27. Rd1 Kf8 28. Rdc1 Ke8 29. Rd1 Kf8 30. Rdc1 1/2-1/2

[Event "Bangalore op-A 1st"]
[Site "Bangalore"]
[Date "2024.01.19"]
[Round "3"]
[White "Daaevik, Wadhawan"]
[Black "Avinash, Ramesh"]
[Result "1-0"]
[WhiteElo "1997"]
[BlackElo "2290"]
[PlyCount "65"]
[EventDate "2024.01.18"]
[EventType "swiss"]
[EventRounds "10"]
[EventCountry "IND"]
[SourceTitle "CBM 218 Extra"]
[Source "ChessBase"]
[SourceDate "2024.03.31"]
[SourceVersion "1"]
[SourceVersionDate "2024.03.31"]
[SourceQuality "1"]

1. c4 e5 2. Nc3 d6 3. Nf3 Nc6 4. d4 Bg4 5. d5 Nce7 6. e4 g6 7. Bd3 Bg7 8. Be3 f5 9. h3 Bxf3 10. Qxf3 f4 11. Bd2 Nf6 12. h4 0-0 13. Be2 c6 14. Qh3 Qc8 15. g4 h6 16. c5 cxd5 17. cxd6 Nc6 18. Nxd5 Nxd5 19. Qb3 Kh8 20. Qxd5 f3 21. Bd3 Qd7 22. Bb5 Rf6 23. Bb4 Qxg4 24. Bxc6 bxc6 25. Qd3 Rf4 26. 0-0-0 Rxe4 27. Bc3 Re2 28. Rhg1 Qf4+ 29. Kb1 e4 30. Qc4 Rb8 31. Bxg7+ Kxg7 32. Qd4+ Kf8 33. Qh8+ 1-0